Economics of Transition (Record no. 5490)
[ view plain ]
| 000 -LEADER | |
|---|---|
| fixed length control field | 00467nas a22001937i 4500 |
| 001 - CONTROL NUMBER | |
| control field | 5745 |
| 003 - CONTROL NUMBER IDENTIFIER | |
| control field | OSt |
| 005 - DATE AND TIME OF LATEST TRANSACTION | |
| control field | 20170126082349.0 |
| 007 - PHYSICAL DESCRIPTION FIXED FIELD--GENERAL INFORMATION | |
| fixed length control field | tu |
| 008 - FIXED-LENGTH DATA ELEMENTS--GENERAL INFORMATION | |
| fixed length control field | 161220s xxu||||| |||| 00| 0 d |
| 022 ## - INTERNATIONAL STANDARD SERIAL NUMBER | |
| International Standard Serial Number | 0967-0750 |
| 024 7# - OTHER STANDARD IDENTIFIER | |
| Standard number or code | 5745 |
| Source of number or code | RID |
| 040 ## - CATALOGING SOURCE | |
| Transcribing agency | OSt |
| 084 ## - OTHER CLASSIFICATION NUMBER | |
| Classification number | J68 |
| Number source | z |
| 245 00 - TITLE STATEMENT | |
| Title | Economics of Transition |
| 260 ## - PUBLICATION, DISTRIBUTION, ETC. | |
| Place of publication, distribution, etc. | Oxford : |
| Name of publisher, distributor, etc. | Blackwell Publishing. |
| 856 ## - ELECTRONIC LOCATION AND ACCESS | |
| Uniform Resource Identifier | <a href="http://onlinelibrary.wiley.com/journal/10.1111/%28ISSN%291468-0351">http://onlinelibrary.wiley.com/journal/10.1111/%28ISSN%291468-0351</a> |
| 866 #0 - TEXTUAL HOLDINGS--BASIC BIBLIOGRAPHIC UNIT | |
| -- | 1993 1,1 - |
| 942 ## - ADDED ENTRY ELEMENTS (KOHA) | |
| Koha item type | Journal |
| Withdrawn status | Lost status | Damaged status | Not for loan | Home library | Current library | Shelving location | Date acquired | Serial Enumeration / chronology | Inventory number | Total Checkouts | Barcode | Date last seen | Price effective from | Koha item type |
|---|---|---|---|---|---|---|---|---|---|---|---|---|---|---|
| WIIW | WIIW | Library | 01/22/2015 | 23.2015,1 | 5745 | 10006145 | 01/26/2017 | 01/26/2017 | Journal | |||||
| WIIW | WIIW | Library | 05/22/2015 | 23.2015,2 | 5745 | 10006232 | 01/26/2017 | 01/26/2017 | Journal | |||||
| WIIW | WIIW | Library | 06/25/2015 | 23.2015,3 | 5745 | 10006239 | 01/26/2017 | 01/26/2017 | Journal | |||||
| WIIW | WIIW | Library | 01/15/2016 | 24.2016,1 | 5745 | 10006289 | 01/26/2017 | 01/26/2017 | Journal | |||||
| WIIW | WIIW | Library | 04/01/2016 | 24.2016,2 | 5745 | 10006312 | 01/26/2017 | 01/26/2017 | Journal |
